000 00807nam a22002897a 4500
001 BR8704182
003 BR-BrBNA
005 20230928092655.0
007 ta
008 230509b bl.||||| |||| 00| 0 por d
040 _aBR-BrBNA
_bpor
_cBiblioteca Nacional de Agricultura
041 _a(Por)
072 _aF01
_b3530
_b3240
090 _ 3530 BR8704182
100 1 _aVidal, L.S.
100 1 _aVale, L.C.C.
110 1 _aEmpresa de Assistencia Tecnica e Extensao Rural do Estado de Minas Gerais, Belo Horizonte (Brasil)
245 1 _aProducao de mudas de eucalipto
260 3 _aBelo Horizonte, MG (Brasil):
_c1982.
300 _a12 p.
500 _a12 illus.
650 _aEUCALIPTO
650 _aMUDA
650 _aPRODUCAO VEGETAL
909 _a202309
_bLucia
_c55
_dLucia Elande
942 _cBK
999 _c40523
_d40523